000 00416nam a22001577a 4500
005 20241030181352.0
008 241030b |||||||| |||| 00| 0 eng d
020 _a9780805939958
050 _aNX504
_b.H85
100 _aMcGill, John G.
245 _aFirelands
_cJohn G. McGill
260 _aPennsylvania, USA
_bDorrance Publishing Co.
_c1996
300 _a551pages
_c23.5cm
650 _2Firelands
942 _2lcc
_cBK
_n0
999 _c405
_d405